| 000 | 00608cam a2200217 4500500 | ||
|---|---|---|---|
| 005 | 20260329003141.0 | ||
| 041 | _afre | ||
| 042 | _adc | ||
| 100 | 1 | 0 |
_aGarnier, Philippe _eauthor |
| 245 | 0 | 0 | _aNicolas Go. “Le courage de la joie” |
| 260 | _c2014. | ||
| 500 | _a93 | ||
| 690 | _aExil | ||
| 690 | _aExit | ||
| 690 | _aInde | ||
| 690 | _aJoie | ||
| 690 | _aNicolas Go | ||
| 690 | _aSubir | ||
| 786 | 0 | _nPhilosophie magazine | 85 | 12-1 | 2014-12-01 | p. 39-39 | 1951-1787 | |
| 856 | 4 | 1 | _uhttps://shs.cairn.info/magazine-philosophie-magazine-2014-12-1-page-39?lang=fr&redirect-ssocas=7080 |
| 999 |
_c1821872 _d1821872 |
||